Statistics for 15 Countries with the Most Islands

Click here to take the quiz!

General Stats

  • This quiz has been taken 65 times
  • The average score is 11 of 15

Answer Stats

IslandsCountry% Correct
17,504Indonesia
98%
52,455Canada
95%
18,617United States
93%
239,057Norway
92%
267,570Sweden
90%
6,852Japan
88%
5,000China
87%
178,947Finland
83%
8,222Australia
80%
7,641Philippines
77%
5,000Chile
75%
4,400South Korea
53%
4,000Vietnam
45%
3,579North Korea
25%
4,195Cuba
18%

Score Distribution

Percentile by Number Answered

Percent of People with Each Score

Your Score History

You have not taken this quiz